| 000 | 00571nam a2200181 a 4500 | ||
|---|---|---|---|
| 001 | 000013057 | ||
| 005 | 20200929163129.0 | ||
| 008 | 091119s1982 mx 000 f spa d | ||
| 020 | _a9682311829 | ||
| 040 |
_aDO-SdBNP _bspa _cBNPHU |
||
| 082 |
_a839.8372 _bH232b |
||
| 100 | 1 |
_aHamsun, Knut, _q(Knut Pedersen), _d1859-1952 _930177 |
|
| 245 | 1 | 0 |
_aBajo la estrella de otoño : _brelato de un vagabundo / _cKnut Hamsun. |
| 260 |
_aMéxico : _bSiglo XXI, _c1982. |
||
| 300 |
_a156 ; _c18 cm. |
||
| 650 | 4 |
_aNovela noruega _930178 |
|
| 650 | 4 |
_aLiteratura noruega _ySIGLO XX _930179 |
|
| 999 |
_c12699 _d12699 |
||